| 000 | 00617nam a2200193Ia 4500 | ||
|---|---|---|---|
| 003 | GCL | ||
| 008 | 140319s9999 xx 000 0 ara d | ||
| 040 |
_aGCL / _cGCL |
||
| 082 | 0 | 4 |
_aق _b810.13 _bأ أ |
| 100 | 1 | _aاحمد احمد بدوى | |
| 245 | 1 | 0 |
_aالاثار المصرية فى الادب العربى / _cاحمد احمد بدوى |
| 260 |
_a[S.N] : _bوزارة الثقافة والارشاد القومى ، _c1965 |
||
| 300 | _a162 ص | ||
| 490 | _a | ||
| 650 | 0 | 4 | _aالادب العربى |
| 650 | 0 | 4 | _aالحضارة الفرعونية |
| 650 | 0 | 4 | _aمصر - الاثار |
| 942 |
_2ddc _cBK |
||
| 999 |
_c36540 _d36540 |
||